[Event "TSGM December"]
[Site "Belgrade YUG"]
[Date "2001.12.24"]
[Round "10"]
[White "Zivanic,M"]
[Black "Marinkovic,Sl"]
[Result "1/2-1/2"]
[WhiteElo "2411"]
[BlackElo "2452"]

1.Nf3 Nf6 2.c4 b6 3.d4 e6 4.g3 Ba6 5.b3 Bb4+ 6.Bd2 Be7 7.Bg2 c6 8.Bc3 d5
9.Ne5 O-O 10.Nd2 Bb7 11.O-O Na6 12.e4 c5 13.exd5 exd5 14.dxc5 Nxc5 15.Bb2 Rc8
16.cxd5  1/2-1/2

[Event "It"]
[Site "Lvov UKR"]
[Date "2001.12.24"]
[Round "7"]
[White "Levin,F"]
[Black "Romanishin,O"]
[Result "1/2-1/2"]
[WhiteElo "2531"]
[BlackElo "2575"]

1.d4 Nf6 2.c4 e6 3.Nf3 b6 4.g3 Ba6 5.Nbd2 Bb4 6.Qc2 Bb7 7.Bg2 Be4 8.Qd1 O-O
9.O-O Bxd2 10.Qxd2 a5 11.b3 d6 12.Bb2 Nbd7 13.Rfd1 h6 14.Qc3 Re8 15.Bh3 Bh7
16.Nd2 Ne4 17.Nxe4 Bxe4 18.f3 Bg6 19.e4 Qe7 20.a3 f6 21.b4 e5 22.d5 Ra7 23.Qe1 Rea8
24.Bc3 Bh5 25.Bg4 Bxg4 26.fxg4 Qe8 27.Rdb1 axb4 28.axb4 Rxa1 29.Rxa1 Rxa1
30.Bxa1 Nf8 31.Bc3 Qa4 32.Qb1 Qa3 33.Qb2 Qa4 34.Qb1 Nd7 35.Be1 Qa3 36.Kf2 Nf8
37.Ke2 Nh7 38.h4 Nf8 39.Qd3 Qa2+ 40.Bd2 Nd7 41.Kf3 Kf7 42.Ke2 Ke7 43.Kd1 Kd8
44.Ke2 Qa1 45.Be1 Nb8 46.Bd2 Qa2 47.Qc3 Na6 48.g5 hxg5 49.hxg5 fxg5 50.Kf3 Qb1
51.Bxg5+ Ke8 52.Bd2 Nb8 53.Qa3 Qf1+ 54.Ke3 Nd7 55.Qa8+ Ke7 56.Qg8 Qf6 57.Be1 Qg6  1/2-1/2

[Event "Open"]
[Site "Trinec CZE"]
[Date "2001.12.28"]
[Round "2"]
[White "Kupka,S"]
[Black "Vesselovsky,S"]
[Result "1/2-1/2"]
[WhiteElo "2302"]
[BlackElo "2410"]

1.d4 Nf6 2.Nf3 e6 3.c4 b6 4.g3 Ba6 5.Qc2 Bb7 6.Bg2 c5 7.dxc5 Bxc5 8.O-O Nc6
9.a3 Rc8 10.b4 Be7 11.Bb2 O-O 12.Qb3 d5  1/2-1/2

[Event "54th ch-YUG Youth"]
[Site "Obrenovac YUG"]
[Date "2002.01.10"]
[Round "2"]
[White "Zivanic,M"]
[Black "Draganic,V"]
[Result "1-0"]
[WhiteElo "2437"]
[BlackElo "2178"]

1.d4 Nf6 2.c4 e6 3.Nf3 b6 4.g3 Ba6 5.b3 Bb4+ 6.Bd2 Be7 7.Bg2 c6 8.O-O d5
9.Qc2 O-O 10.Rd1 Nbd7 11.Bf4 Rc8 12.Nbd2 Nh5 13.e4 Nxf4 14.gxf4 dxe4 15.Nxe4 Qc7
16.Neg5 g6 17.Qd2 Rcd8 18.Qe3 h6 19.Ne4 Kg7 20.Rac1 f5 21.Nc3 Bd6 22.Ne5 Nxe5
23.fxe5 Ba3 24.Rb1 Bb4 25.a3 Bxc3 26.Qxc3 Rf7 27.Rbc1 Rfd7 28.Qb2 Bb7 29.Qa1 Qb8
30.a4 Kf7 31.c5 Ba8 32.Rd3 bxc5 33.Rxc5 Qb4 34.Rc4 Qb6 35.Qc3 Rd5 36.Bxd5 exd5
37.Rc5 Bb7 38.b4 a6 39.Rh3 h5 40.Re3 Ke6 41.Re1 Rg8 42.Rc1 Kd7 43.b5 axb5
44.axb5 cxb5 45.Rc7+ Ke6 46.Qb4 Re8 47.R1c6+  1-0

[Event "54th ch-YUG Youth"]
[Site "Obrenovac YUG"]
[Date "2002.01.11"]
[Round "3"]
[White "Jeremic,V"]
[Black "Blesic,V"]
[Result "1-0"]
[WhiteElo "2484"]
[BlackElo "2183"]

1.d4 Nf6 2.c4 e6 3.Nf3 b6 4.g3 Ba6 5.b3 Bb4+ 6.Bd2 Be7 7.Nc3 d5 8.cxd5 exd5
9.Bg2 O-O 10.O-O c5 11.dxc5 bxc5 12.Nh4 Nc6 13.Nf5 Nd4 14.Nxe7+ Qxe7 15.Re1 Rad8
16.Bg5 Qe5 17.Bxf6 Qxf6 18.Rc1 Bb7 19.Na4 c4 20.bxc4 dxc4 21.Bxb7 Nf3+ 22.Bxf3 Rxd1
23.Rexd1 Qa6 24.Nc3 g6 25.Bd5 Rc8 26.Rc2 Kg7 27.e4  1-0

[Event "28th ch-YUG Youth Women"]
[Site "Obrenovac YUG"]
[Date "2002.01.12"]
[Round "4"]
[White "Tuvic,N"]
[Black "Djuric,Ve"]
[Result "0-1"]
[WhiteElo "2042"]
[BlackElo "2094"]

1.d4 Nf6 2.c4 e6 3.Nf3 b6 4.g3 Ba6 5.Nbd2 Bb7 6.Bg2 c5 7.O-O Be7 8.b3 O-O
9.Bb2 d6 10.Qc2 cxd4 11.Nxd4 Bxg2 12.Kxg2 a6 13.Rad1 Qc7 14.Rfe1 Rc8 15.Qd3 Nbd7
16.Kg1 Nc5 17.Qb1 Qb7 18.N4f3 b5 19.Rc1 a5 20.cxb5 Qxb5 21.Nd4 Qb7 22.Ba1 Rab8
23.a4 Nd5 24.Qa2 Qa6 25.Nb5 Nc7 26.Nxc7 Rxc7 27.Ne4 Qb6 28.Nxc5 Rxc5 29.Rb1 Rc6
30.e4 Rbc8 31.Qd2 Rc2 32.Qd4 Qxd4 33.Bxd4 Rb8 34.Re3 Bf6 35.Rd3 Bxd4 36.Rxd4 Rc6
37.Kg2 Kf8 38.Rd3 Ke7 39.Kf3 Rc2 40.Ke3 Rb4 41.Rd2 Rxd2 42.Kxd2 Rxe4  0-1

[Event "39th BPCL ch-IND"]
[Site "Nagpur IND"]
[Date "2002.01.16"]
[Round "1"]
[White "Sriram,J"]
[Black "Mishra,N"]
[Result "1-0"]
[WhiteElo "2408"]
[BlackElo "2321"]

1.d4 Nf6 2.c4 e6 3.Nf3 b6 4.g3 Ba6 5.Qa4 Be7 6.Bg2 Bb7 7.O-O O-O 8.Nc3 Qc8
9.Rd1 Ne4 10.Bd2 f5 11.d5 Nxd2 12.Rxd2 Na6 13.Qc2 Nc5 14.Nd4 a5 15.e4 fxe4
16.Nxe4 Kh8 17.Nxc5 bxc5 18.Ne2 exd5 19.cxd5 Ra6 20.Re1 Rh6 21.Nc3 Bf6 22.Ne4 d6
23.Nxf6 Rhxf6 24.Re7 c6 25.Qb3 Ba8 26.dxc6 Bxc6 27.Bxc6 Qxc6 28.Re6 Rxe6
29.Qxe6 Re8 30.Qd5 Qxd5 31.Rxd5 Rd8 32.Kg2 Kg8 33.Kf3 Kf7 34.Ke4 Ke6 35.Rg5 g6
36.Kd3 Rf8 37.f4 Rb8 38.b3 a4 39.Kc3 Rb4  1-0

[Event "28th ch-YUG Youth Women"]
[Site "Obrenovac YUG"]
[Date "2002.01.17"]
[Round "8"]
[White "Djuric,Ve"]
[Black "Urosevic,M"]
[Result "1-0"]
[WhiteElo "2094"]
[BlackElo "2039"]

1.d4 Nf6 2.c4 e6 3.Nf3 b6 4.g3 Ba6 5.b3 Bb4+ 6.Bd2 Be7 7.Bg2 c6 8.Bc3 d5
9.Ne5 Nfd7 10.Nxd7 Nxd7 11.Nd2 O-O 12.O-O Nf6 13.e4 b5 14.e5 Nd7 15.Re1 bxc4
16.bxc4 Bxc4 17.Nxc4 dxc4 18.Bxc6 Rc8 19.Be4 Nb6 20.Qh5 g6 21.Qe2 Na4 22.Qc2 Nxc3
23.Qxc3 f6 24.Bg2 fxe5 25.Rxe5 Bf6 26.Re4 Qb6 27.Bh3 Rc6 28.Rae1 Kg7 29.Bxe6 Rd8
30.Qf3 c3 31.Bb3 Rc7 32.Re6 Rd6 33.Qxf6+  1-0

[Event "Corus B"]
[Site "Wijk aan Zee NED"]
[Date "2002.01.19"]
[Round "4"]
[White "Tregubov,P"]
[Black "Van der Wiel,J"]
[Result "1-0"]
[WhiteElo "2626"]
[BlackElo "2501"]

1.d4 Nf6 2.c4 e6 3.Nf3 b6 4.g3 Ba6 5.Qa4 c5 6.Bg2 Bb7 7.dxc5 bxc5 8.O-O Be7
9.Nc3 O-O 10.Bf4 d6 11.Rfd1 Qb6 12.Rab1 Rd8 13.b4 Ne4 14.Nxe4 Bxe4 15.bxc5 Qxc5
16.Rb5 Qc8 17.c5 d5 18.Rxb8 Rxb8 19.Bxb8 Bxf3 20.Bxf3 Qxb8 21.c6 Qb6 22.e4 dxe4
23.Rxd8+ Qxd8 24.Bxe4 Qc7 25.h4 g6 26.h5 Bc5 27.Qb3 Qe5 28.h6 Qxe4 29.Qc3 Bxf2+
30.Kxf2 Qf5+ 31.Kg1 e5 32.c7 Qb1+ 33.Kh2 Qxa2+ 34.Kh3 Qe6+ 35.g4 Qc8 36.Qxe5 Qb7  1-0

[Event "18th Open"]
[Site "Skopje MKD"]
[Date "2002.01.20"]
[Round "6"]
[White "Andonovski,L"]
[Black "Bojkovic,N"]
[Result "0-1"]
[WhiteElo "2330"]
[BlackElo "2427"]

1.d4 Nf6 2.c4 e6 3.Nf3 b6 4.g3 Ba6 5.b3 d5 6.Bg2 dxc4 7.Ne5 Bb4+ 8.Kf1 Bd6
9.Nxc4 Nd5 10.Bf3 f5 11.Kg2 Nc6 12.Bb2 O-O 13.Nbd2 Nce7 14.Re1 Qd7 15.e4 fxe4
16.Nxe4 h6 17.Qe2 Nf5 18.Nexd6 Nh4+ 19.Kh1 Nxf3 20.Ne4 Nxe1 21.Rxe1 Nf6 22.f3 Nxe4
23.fxe4 Rf7 24.Qg4 Bxc4 25.bxc4 Raf8  0-1

[Event "28th ch-YUG Youth Women"]
[Site "Obrenovac YUG"]
[Date "2002.01.21"]
[Round "12"]
[White "Djuric,Ve"]
[Black "Stojanovic,Na"]
[Result "0-1"]
[WhiteElo "2094"]
[BlackElo "2075"]

1.d4 Nf6 2.c4 e6 3.Nf3 b6 4.g3 Ba6 5.b3 Bb4+ 6.Bd2 Be7 7.Bg2 d5 8.Ne5 c6
9.Bc3 Nfd7 10.Nxd7 Nxd7 11.Nd2 Nf6 12.O-O O-O 13.e4 b5 14.Re1 dxe4 15.Nxe4 bxc4
16.Nxf6+ Bxf6 17.Bb4 Bxd4 18.Rc1 Bxf2+ 19.Kxf2 Qb6+ 20.Re3 Qxb4 21.bxc4 Bxc4
22.Bxc6 Rad8 23.Rb1 Rd2+ 24.Kf3 Qa5  0-1

[Event "18th Open"]
[Site "Skopje MKD"]
[Date "2002.01.21"]
[Round "7"]
[White "Horvath,Cs"]
[Black "Damaso,R"]
[Result "1/2-1/2"]
[WhiteElo "2542"]
[BlackElo "2412"]

1.d4 Nf6 2.c4 e6 3.Nf3 b6 4.g3 Ba6 5.b3 Bb7 6.Bg2 Bb4+ 7.Bd2 a5 8.O-O O-O
9.Nc3 Ne4 10.Nxe4 Bxe4 11.Bxb4 axb4 12.Qd2 Na6 13.Ne5 Bxg2 14.Kxg2 Qe7 15.Rfd1 Ra7
16.c5 Rfa8 17.Rac1 h6 18.Rc2 Qe8 19.cxb6 cxb6 20.Rdc1 f6 21.Nd3 Qb8 22.Qf4 Qxf4
23.gxf4 g5 24.Kg3 Kf7 25.h4 gxh4+ 26.Kxh4 Rg8 27.Rc8 Ra8 28.Rxa8 Rxa8 29.Kg4 Rg8+
30.Kf3 h5 31.Rh1 Rh8 32.Rh4 Ke7 33.f5 exf5 34.Nf4 Kd6 35.Rxh5 Rxh5 36.Nxh5 Nc7
37.Ke3 Nd5+ 38.Kd3 f4 39.e4 fxe3 40.fxe3 f5 41.Ng3 f4 42.exf4 Nxf4+ 43.Kc4 Kc6
44.Kxb4 Nd5+ 45.Ka3 Nc7 46.Ne2 Kd5 47.Kb4 Ke4 48.a4 Kd3 49.Nf4+  1/2-1/2

[Event "TSGM January"]
[Site "Novi Sad YUG"]
[Date "2002.01.22"]
[Round "4"]
[White "Flumbort,A"]
[Black "Balogh,C"]
[Result "1/2-1/2"]
[WhiteElo "2436"]
[BlackElo "2398"]

1.d4 Nf6 2.c4 e6 3.Nf3 b6 4.g3 Ba6 5.Qa4 Bb7 6.Bg2 c5 7.dxc5 Bxc5 8.O-O O-O
9.Nc3 Qc7 10.Rd1 d6  1/2-1/2

[Event "90th LSK Metalka Trgovina"]
[Site "Ljubljana SLO"]
[Date "2002.01.25"]
[Round "6"]
[White "Tratar,M"]
[Black "Podlesnik,B"]
[Result "1/2-1/2"]
[WhiteElo "2424"]
[BlackElo "2397"]

1.d4 Nf6 2.Nf3 e6 3.c4 b6 4.g3 Ba6 5.Qa4 Be7 6.Bg2 c6 7.Nc3 O-O 8.O-O d5
9.cxd5 b5 10.Qb3 exd5 11.a3 Qb6 12.Bg5 h6 13.Bxf6 Bxf6 14.Rad1 Nd7 15.Rfe1 Rab8
16.Bh3 Rfd8 17.e4 b4 18.Qxb4 Qxb4 19.axb4 Rxb4 20.exd5 cxd5 21.Nxd5 Rxb2
22.Ne5 Bb7 23.Nxd7 Bxd5 24.Nxf6+  1/2-1/2

[Event "39th BPCL ch-IND"]
[Site "Nagpur IND"]
[Date "2002.01.25"]
[Round "10"]
[White "Sriram,J"]
[Black "Mahesh Chandran,P"]
[Result "1/2-1/2"]
[WhiteElo "2408"]
[BlackElo "2436"]

1.d4 Nf6 2.c4 e6 3.Nf3 b6 4.g3 Ba6 5.Nbd2 d5 6.Bg2 Be7 7.O-O O-O 8.Ne5 Bb7
9.Qc2 c5 10.dxc5 Bxc5 11.cxd5 Qc7 12.Nec4 Nxd5 13.e4 Nb4 14.Qc3 Rd8 15.Nb3 Ba6
16.Bg5 Rd3 17.Qe5 Qxe5 18.Nxe5 Rxb3 19.Rfd1 N8c6 20.Nxc6 Rxb2 21.Nd4 Nd3
22.Be3 e5 23.Nf5 g6 24.Bxc5 bxc5 25.Ne3 c4 26.Bf1 Rd8 27.Rac1 Rd4 28.Rc3 Nxf2
29.Rdc1  1/2-1/2

[Event "Open"]
[Site "Antalya TUR"]
[Date "2002.02.02"]
[Round "9"]
[White "Mollov,E"]
[Black "Poluljahov,A"]
[Result "1/2-1/2"]
[WhiteElo "2444"]
[BlackElo "2527"]

1.d4 Nf6 2.Nf3 e6 3.c4 b6 4.g3 Ba6 5.Qc2 Bb7 6.Bg2 c5 7.dxc5 bxc5 8.Nc3 Be7
9.O-O O-O 10.Rd1 d6 11.Bf4 Qb6 12.Rd2 h6 13.h3 Rd8 14.g4 Nc6 15.e3 Nb4 16.Qb1 d5
17.cxd5 Nbxd5 18.Nxd5 exd5 19.Qc2 Ne4 20.Rd3 Qe6 21.Be5 f5 22.gxf5 Qxf5 23.Ra3 Bd6
24.Bxd6 Rxd6 25.Nh4 Qg5 26.Nf3 Qf5 27.Nh4 Qg5 28.Nf3 Qf6 29.Rd1 Rb6 30.Rb3 Rf8
31.Nh2 Qg5 32.f4 Qg3 33.Nf1 Qg6 34.Rxb6 Qxb6 35.Bxe4 dxe4 36.Ng3 Rf6 37.Kh2 Kh8
38.Nh5 Rf5 39.Ng3 Rf6 40.Qc3 Qe6 41.Rd8+ Kh7 42.Nh5 Rf7 43.Qe5 Qc4  1/2-1/2

[Event "7th HIT Open"]
[Site "Nova Gorica SLO"]
[Date "2002.02.07"]
[Round "8"]
[White "Cvitan,O"]
[Black "Palac,M"]
[Result "1/2-1/2"]
[WhiteElo "2550"]
[BlackElo "2580"]

1.d4 Nf6 2.Nf3 e6 3.c4 b6 4.g3 Ba6 5.b3 Bb4+ 6.Bd2 Be7 7.Bg2 c6 8.Bc3 d5
9.Nbd2 Nbd7 10.O-O O-O 11.Re1 c5 12.e4 dxe4 13.Nxe4 Bb7  1/2-1/2

[Event "7th HIT Open"]
[Site "Nova Gorica SLO"]
[Date "2002.02.08"]
[Round "9"]
[White "Brkic,A"]
[Black "Sakelsek,T"]
[Result "1/2-1/2"]
[WhiteElo "2312"]
[BlackElo "2202"]

1.d4 Nf6 2.Nf3 e6 3.c4 b6 4.g3 Ba6 5.b3 b5 6.cxb5 Bxb5 7.Bg2 d5 8.O-O Be7
9.Nc3 Ba6 10.Bf4 Nbd7 11.Rc1 Rc8 12.Re1 O-O 13.e4 dxe4 14.Nxe4 Nxe4 15.Rxe4 Nf6
16.Re1  1/2-1/2

[Event "7th HIT Open"]
[Site "Nova Gorica SLO"]
[Date "2002.02.08"]
[Round "9"]
[White "Mikhalchishin,A"]
[Black "Palac,M"]
[Result "1/2-1/2"]
[WhiteElo "2542"]
[BlackElo "2580"]

1.d4 Nf6 2.Nf3 e6 3.c4 b6 4.g3 Ba6 5.b3 Bb4+ 6.Bd2 Be7 7.Bg2 c6 8.Be3 d5
9.Ne5 Nbd7 10.Nxd7 Nxd7  1/2-1/2

[Event "Mimoza Open"]
[Site "Herceg Novi YUG"]
[Date "2002.02.09"]
[Round "8"]
[White "Gavrilov,Al2"]
[Black "Genov,Peta"]
[Result "0-1"]
[WhiteElo "2138"]
[BlackElo "2510"]

1.d4 Nf6 2.c4 e6 3.Nf3 b6 4.g3 Ba6 5.Nbd2 Bb7 6.Bg2 c5 7.dxc5 Bxc5 8.O-O O-O
9.b3 Be7 10.Bb2 d6 11.Nd4 Bxg2 12.Kxg2 a6 13.e4 Qc7 14.f4 Nc6 15.Qf3 Nxd4
16.Bxd4 Rac8 17.Rac1 Nd7 18.Rfd1 Rfe8 19.Nf1 Qb8 20.Ne3 Bf6 21.Bxf6 Nxf6
22.g4 Red8 23.g5 Nd7 24.h4 b5 25.h5 bxc4 26.Rxc4 Rxc4 27.Nxc4 Nf8 28.f5 exf5
29.exf5 d5 30.Ne3 d4 31.Ng4 Qc7 32.h6 Qc2+ 33.Kg3 Rc8 34.Rxd4 Rc3 35.Ne3 Qxa2
36.hxg7 Kxg7 37.Rd8 Qa3  0-1

[Event "Petrov Mem Open"]
[Site "St Petersburg RUS"]
[Date "2002.02.12"]
[Round "1"]
[White "Lugovoi,A"]
[Black "Smirnov,Ar"]
[Result "1-0"]
[WhiteElo "2510"]
[BlackElo "2286"]

1.d4 Nf6 2.c4 e6 3.Nf3 b6 4.g3 Ba6 5.b3 Bb4+ 6.Bd2 Be7 7.Bg2 c6 8.Bc3 Ne4
9.Bb2 d5 10.O-O Nd7 11.Nbd2 Nxd2 12.Nxd2 O-O 13.e4 Rc8 14.Re1 dxe4 15.Nxe4 Nf6
16.Qc2 Qc7 17.c5 Nxe4 18.Bxe4 h6 19.Rad1 Rfd8 20.Bc1 bxc5 21.dxc5 Rxd1 22.Rxd1 Rd8
23.Rxd8+ Qxd8 24.Be3 Qa5 25.h4 Qb5 26.a4 Qf1+ 27.Kh2 g5 28.hxg5 Bxg5 29.Bxg5 hxg5
30.Bxc6 Be2 31.Bg2 Qxf2 32.c6  1-0

[Event "13th Asian Cities"]
[Site "Aden YEM"]
[Date "2002.02.13"]
[Round "8"]
[White "Safin,S"]
[Black "Juswanto,D"]
[Result "1/2-1/2"]
[WhiteElo "2528"]
[BlackElo "2516"]

1.d4 Nf6 2.c4 e6 3.Nf3 b6 4.g3 Ba6 5.Nbd2 Bb4 6.a3 Bxd2+ 7.Nxd2 d5 8.Bg2 O-O
9.O-O Nbd7 10.b4 c6 11.Qb3 Rc8 12.Bb2 Ne8 13.a4 Qg5 14.f4 Qf6 15.b5 Bb7 16.e4 Nc7
17.bxc6 Bxc6 18.cxd5 exd5 19.e5 Qf5 20.Rfc1 Bb7 21.Nf1 Rfd8 22.Ne3 Qg6 23.Rc2 Nb8
24.Rac1 Nc6 25.f5 Qh6 26.Ng4 Qg5 27.Qf3 h5 28.Ne3 Na6 29.h4 Qh6 30.f6 g6
31.Nxd5 Nxe5 32.Ne7+ Kh7 33.Qxb7 Qe3+ 34.Rf2 Rxc1+ 35.Bxc1 Qxc1+ 36.Bf1 Ng4
37.Nd5 Rf8 38.Qe7 Kg8 39.Rf4 Nb8 40.Qb7 Qd2 41.Ne7+ Kh7 42.Rxg4 Qe3+ 43.Kh2 hxg4
44.Bg2 Qxd4 45.Nd5 Qc5 46.Qxa7 Nc6 47.Qxb6 Qxb6 48.Nxb6 Ne5 49.a5 Rb8 50.Bd5 g5
51.hxg5 Kg6 52.a6 Rxb6 53.a7 Ra6 54.a8=Q Rxa8 55.Bxa8 Kxg5 56.Kg2 Kxf6 57.Kf2 Kg5
58.Bb7 f5 59.Bc8 Ng6 60.Ke3 Kf6 61.Bb7 Ke5 62.Ba8  1/2-1/2

[Event "Petrov Mem Open"]
[Site "St Petersburg RUS"]
[Date "2002.02.16"]
[Round "5"]
[White "Shushpanov,R"]
[Black "Aseev,K"]
[Result "1/2-1/2"]
[WhiteElo "2460"]
[BlackElo "2591"]

1.d4 Nf6 2.Nf3 e6 3.c4 b6 4.g3 Ba6 5.Nbd2 c5 6.Bg2 Nc6 7.dxc5 bxc5 8.O-O Qc7
9.b3 Be7 10.Bb2 O-O 11.Qc2 Bb7 12.Ne4 Nxe4 13.Qxe4 a5 14.Rfd1 Nd4 15.Qd3 Nxf3+
16.Bxf3 d6 17.Bxb7 Qxb7 18.Qc3 Bf6 19.Qc2 Bxb2 20.Qxb2 Ra6 21.Rd3 a4 22.Rad1 axb3
23.axb3 Rd8 24.Qd2 h6 25.Qf4 Qa8 26.e4 Ra1 27.Rxa1 Qxa1+ 28.Kg2 Qa6 29.h4 Qc6  1/2-1/2

[Event "ch-Serbia w"]
[Site "Leskovac YUG"]
[Date "2002.02.20"]
[Round "6"]
[White "Vasic,M"]
[Black "Stojanovic,Na"]
[Result "1/2-1/2"]
[WhiteElo "2167"]
[BlackElo "2075"]

1.d4 Nf6 2.c4 e6 3.Nf3 b6 4.g3 Ba6 5.b3 Bb4+ 6.Bd2 Be7 7.Bg2 d5 8.cxd5 exd5
9.Nc3 O-O 10.O-O c6 11.Re1 Nbd7 12.Qc2 Rc8 13.Rad1 Re8 14.e4 dxe4 15.Ng5 Nd5
16.Ncxe4 Nf8 17.h4 Nb4 18.Bxb4 Bxb4 19.Re3 h6 20.Nf3 Ng6 21.h5 Ne7 22.a3 Bd6
23.Nxd6 Qxd6 24.b4 Nd5 25.Re5 f6 26.Rxe8+ Rxe8 27.Qg6 Qd7 28.Rc1 Bb7 29.Bh3 Qf7
30.Qxf7+ Kxf7 31.Bd7 Re2 32.Bxc6 Bxc6 33.Rxc6 Ra2 34.Rd6 Ne7 35.Rd7 Rxa3
36.Nh4 Ke6 37.Rb7 Rd3 38.Rxa7 Nf5 39.Nxf5 Kxf5 40.Rb7 Rxd4 41.Rxb6 Kg4 42.Rb5 Kh3
43.Kf1 Rd2 44.Rb7 Kg4 45.Kg2 Kxh5 46.Rxg7 Rb2 47.Rb7 Kg4 48.Rb8 h5 49.Rb7 h4
50.gxh4 Kxh4 51.Kf3 Kg5 52.b5 Rb3+ 53.Ke4 Rb4+ 54.Kf3 Kf5 55.Kg3 Rg4+ 56.Kf3 Rb4
57.b6 Rb3+ 58.Kg2 Kf4 59.Rb8 f5 60.Rb7 Rb2 61.Rb8 Rb3 62.b7 Rb2 63.Ra8  1/2-1/2

[Event "ch-Serbia w"]
[Site "Leskovac YUG"]
[Date "2002.02.21"]
[Round "7"]
[White "Djuric,Ve"]
[Black "Urosevic,M"]
[Result "1/2-1/2"]
[WhiteElo "2094"]
[BlackElo "2039"]

1.d4 Nf6 2.c4 e6 3.Nf3 b6 4.g3 Ba6 5.b3 Bb4+ 6.Bd2 Be7 7.Bg2 c6 8.Bc3 d5
9.Ne5 Nfd7 10.Nxd7 Nxd7 11.Nd2 O-O 12.O-O Nf6 13.Re1 b5 14.c5 Qc7 15.b4 Rad8
16.Qc2 Nd7 17.e4 dxe4 18.Nxe4 Nf6 19.Nxf6+ Bxf6 20.Rad1 Bb7 21.Bb2 Rd7 22.Qe4 Rfd8
23.Rd3 a5 24.a3 Ra8 25.Ra1 Rdd8 26.Qe3  1/2-1/2

[Event "ch-Serbia"]
[Site "Leskovac YUG"]
[Date "2002.02.21"]
[Round "7"]
[White "Antic,D"]
[Black "Perunovic,Mil"]
[Result "1/2-1/2"]
[WhiteElo "2470"]
[BlackElo "2469"]

1.d4 Nf6 2.c4 e6 3.Nf3 b6 4.g3 Ba6 5.b3 b5 6.cxb5 Bxb5 7.Bg2 Bc6 8.O-O a5
9.Bg5 d5 10.Nc3 Nbd7 11.Ne5 Bb7 12.e4 Bb4 13.Qc2 Nxe5 14.dxe5 Bxc3 15.Bxf6 gxf6
16.Qxc3 fxe5 17.Qxe5 O-O 18.exd5 Bxd5 19.Bxd5 Qxd5 20.Qxc7 Rac8 21.Qf4 Rfd8
22.Rae1 Rc5 23.Rc1 Rxc1 24.Rxc1 Qd2 25.Qc7 Rd7 26.Qc2 Rd5 27.h4 h6 28.Kg2 Kg7
29.Qc4 Rd4 30.Qc3 a4 31.Rc2 Qxc3 32.Rxc3 Rd2 33.bxa4 Rxa2 34.Rc4 Kg6 35.g4 f5
36.Kg3 fxg4 37.Rxg4+ Kf5 38.Rf4+ Kg6 39.Rb4 e5 40.Kf3 Kf5  1/2-1/2

[Event "9th Open Metalis"]
[Site "Bizovac CRO"]
[Date "2002.02.22"]
[Round "4"]
[White "Mrkonjic,N"]
[Black "Farago,I"]
[Result "1/2-1/2"]
[WhiteElo "2380"]
[BlackElo "2500"]

1.d4 Nf6 2.Nf3 e6 3.c4 b6 4.g3 Ba6 5.Qc2 Bb7 6.Bg2 c5 7.O-O cxd4 8.Nxd4 Bxg2
9.Kxg2 Qc8 10.b3 Be7 11.Bb2 O-O 12.Nd2 Qb7+ 13.Kg1 Rc8 14.Rac1 a6 15.Qd3 d6
16.Qf3 Ra7 17.Rfd1 Nbd7 18.Nc2 Qxf3 19.Nxf3 Kf8 20.Kg2 Rac7 21.Ne3 Ne4 22.Rc2 b5
23.Rdc1 b4 24.Nd2 Nec5 25.Rd1 Rb7 26.Rcc1 Bg5 27.f4 Bf6 28.Bxf6 Nxf6 29.Kf3 a5
30.g4 a4 31.Nc2 Ke7 32.Rb1 axb3 33.axb3 d5 34.Ne3 dxc4 35.Ndxc4 Nfe4 36.Rb2 Nc3
37.Ra1 Rd8 38.Ra5 Rb5 39.Ra7+ Rd7 40.Ra8 Nd1 41.Nxd1 Rxd1 42.Ne5 Nd7 43.Ra7 f6
44.Nxd7 Rxd7 45.Rxd7+ Kxd7 46.Rc2 h5 47.h3 hxg4+ 48.hxg4 g5 49.e3 Kd6 50.Rc4 gxf4
51.Kxf4 Kd7 52.Ke4 Kd6 53.Rd4+ Kc6 54.Kd3 e5 55.Rc4+ Kd5 56.Ke2 Rb6 57.Kf3 Rb8
58.Kg3 Rb7 59.Kf3 Rb6 60.Rc8 Rb7 61.Rd8+ Ke6 62.Ra8 Kf7 63.Ke4 Kg6 64.Rg8+ Kf7
65.Rc8 Kg6 66.Rc4 Rb5 67.Rc8 Rb7 68.Kd5 Rd7+ 69.Ke4 Rd1 70.Rg8+ Kf7 71.Rb8 Kg6
72.Rxb4  1/2-1/2

[Event "ch-Serbia"]
[Site "Leskovac YUG"]
[Date "2002.02.22"]
[Round "8"]
[White "Antic,D"]
[Black "Perunovic,Mio"]
[Result "1-0"]
[WhiteElo "2470"]
[BlackElo "2305"]

1.d4 Nf6 2.Nf3 e6 3.c4 b6 4.g3 Ba6 5.b3 Bb4+ 6.Bd2 Be7 7.Bg2 Bb7 8.Nc3 d5
9.cxd5 exd5 10.O-O O-O 11.Qc2 Na6 12.Rfd1 Qc8 13.Bf4 h6 14.Be5 Qe6 15.Qb2 c5
16.Rac1 Rfd8 17.h3 Ne4 18.dxc5 Bxc5 19.Bd4 Bf8 20.Ne5 f6 21.Nd3 g5 22.b4 Rd7
23.a4 Re8 24.Nb5 Ba8 25.Rc2 h5 26.Rdc1 Rde7 27.Rc7 Nxc7 28.Nxc7 Qd6 29.Nxe8 Rxe8
30.Qc2 Re7 31.Qc8 Bb7 32.Qf5 Bc6 33.Qg6+ Rg7 34.Qxh5 Bxa4 35.e3 Bd7 36.Qd1 Rh7
37.g4 Bb5 38.Qb3 Re7 39.Nb2 Re8 40.Qa2 Qd7 41.Qb3 Kh7 42.Nd1 Bc4 43.Qb2 f5
44.gxf5 Qxf5 45.Nc3 Nxc3 46.Rxc3 Bd6 47.Ra3 Re7 48.Qa1 Bb8 49.Qd1 Kg6 50.Rc3 Bd6
51.e4 Qf4 52.Rg3 Qf7 53.Rg4 Bf4 54.Qc2 dxe4 55.Bxe4+ Kh6 56.h4 Qe6 57.hxg5+ Bxg5
58.f3 Bd5 59.Qh2+  1-0

[Event "Cupa Martisor Open"]
[Site "Bucharest ROM"]
[Date "2002.03.01"]
[Round "1"]
[White "Ciortan,M"]
[Black "Anghel,V"]
[Result "1/2-1/2"]
[WhiteElo "2018"]
[BlackElo "2420"]

1.d4 Nf6 2.c4 e6 3.Nf3 b6 4.g3 Ba6 5.Nbd2 Bb7 6.Bg2 c5 7.O-O cxd4 8.Nxd4 Bxg2
9.Kxg2 Nc6 10.Nxc6 dxc6 11.b3 Be7 12.Bb2 O-O 13.Qc2 Qc7 14.Ne4 Nxe4 15.Qxe4 Rfd8
16.Rfd1 c5 17.Be5 Qc8 18.e3 f5 19.Qf3 g5 20.Rxd8+ Qxd8 21.Rd1 Qc8 22.g4 fxg4
23.Qxg4 Qc6+ 24.Qf3 Qxf3+ 25.Kxf3 Rd8  1/2-1/2

[Event "Anibal Open"]
[Site "Linares ESP"]
[Date "2002.03.01"]
[Round "1"]
[White "Sanchez Jimenez,JC"]
[Black "Romanishin,O"]
[Result "0-1"]
[WhiteElo "2256"]
[BlackElo "2576"]

1.d4 Nf6 2.c4 e6 3.Nf3 b6 4.g3 Ba6 5.Qa4 Be7 6.Nc3 O-O 7.Bg2 c6 8.Bf4 d6
9.O-O Qd7 10.Rfd1 b5 11.cxb5 cxb5 12.Qa5 Qb7 13.Ne5 d5 14.b4 Rc8 15.Qa3 Nc6
16.Rab1 Qb6 17.e3 Bb7 18.Bf1 Nxe5 19.Bxe5 Ne4 20.Nxe4 dxe4 21.g4 Bd5 22.Qb2 f6
23.Bg3 a5 24.bxa5 Rxa5 25.a4 b4 26.Bb5 b3 27.Rbc1 Raa8 28.Rc3 Rxc3 29.Qxc3 Qa5
30.Qxa5 Rxa5 31.Bc7 Ra8 32.a5 Rc8 33.Bb6 b2  0-1

[Event "ch-RUS Boys U20"]
[Site "Vladimir RUS"]
[Date "2002.03.01"]
[Round "1"]
[White "Grachev,B"]
[Black "Riazantsev,A"]
[Result "1/2-1/2"]
[WhiteElo "2394"]
[BlackElo "2511"]

1.d4 Nf6 2.c4 e6 3.Nf3 b6 4.g3 Ba6 5.Qc2 Bb4+ 6.Bd2 Be7 7.Bg2 c6 8.Ne5 Qc7
9.O-O O-O 10.a4 d6 11.Nd3 Rc8 12.a5 d5 13.Bf4 Qd8 14.Nd2 Nbd7 15.Ra2 c5 16.dxc5 Nxc5
17.axb6 axb6 18.Rfa1 Bb7 19.Rxa8 Rxa8 20.Rxa8 Qxa8 21.Nxc5 Bxc5 22.e3 h6
23.h3 dxc4 24.Bxb7 Qxb7 25.Qxc4 Qd7 26.Nb3 Qd1+  1/2-1/2

[Event "ch-RUS Boys U20"]
[Site "Vladimir RUS"]
[Date "2002.03.06"]
[Round "6"]
[White "Farakhov,R"]
[Black "Iljin,A"]
[Result "1/2-1/2"]
[WhiteElo "2307"]
[BlackElo "2364"]

1.d4 Nf6 2.c4 e6 3.Nf3 b6 4.g3 Ba6 5.b3 Bb4+ 6.Bd2 Be7 7.Bg2 c6 8.Bc3 d5
9.Nbd2 O-O 10.O-O Nbd7 11.Re1 c5 12.e4 dxe4 13.Nxe4 Nxe4 14.Rxe4 Bb7 15.Re3 Nf6
16.Ne5 Bxg2 17.Kxg2 Qc7 18.Qf3 cxd4 19.Bxd4 Bc5 20.Bxc5 Qxc5 21.Rd1 b5 22.Nd7 Nxd7
23.Rxd7 Rad8  1/2-1/2

[Event "TCh-CZE 2001-2"]
[Site "CZE"]
[Date "2002.03.10"]
[Round "9"]
[White "Chernyshov,K"]
[Black "Stohl,I"]
[Result "1-0"]
[WhiteElo "2539"]
[BlackElo "2539"]

1.d4 Nf6 2.c4 e6 3.Nf3 b6 4.g3 Ba6 5.Qa4 Bb7 6.Bg2 c5 7.dxc5 Bxc5 8.O-O O-O
9.Nc3 Ne4 10.Nxe4 Bxe4 11.b4 Be7 12.Bb2 Bf6 13.Bxf6 Qxf6 14.Rfd1 Rc8 15.Rac1 Qe7
16.b5 f5 17.Ne5 Bxg2 18.Kxg2 a6 19.bxa6 Rxa6 20.Qb3 d6 21.Nf3 Nc6 22.Qd3 Rxa2
23.Qxd6 Rxe2 24.c5 bxc5 25.Rxc5 Qe8 26.Rdc1 Na7 27.Rxc8 Nxc8 28.Qa6  1-0

[Event "TCh-CZE 2001-2"]
[Site "CZE"]
[Date "2002.03.10"]
[Round "9"]
[White "Bernasek,J"]
[Black "Cvek,R"]
[Result "1/2-1/2"]
[WhiteElo "2259"]
[BlackElo "2426"]

1.d4 Nf6 2.c4 e6 3.Nf3 b6 4.g3 Ba6 5.Qb3 Nc6 6.Bd2 Bb7 7.Bc3 Ne4 8.a3 Nxc3
9.Qxc3 Qf6 10.d5 Na5 11.e4 Qxc3+ 12.Nxc3 Nb3 13.Rd1 Be7 14.Bd3 a5 15.O-O Nc5
16.Rfe1 Nxd3 17.Rxd3 Ba6 18.Nd2 O-O 19.a4 Bb4 20.b3 c6 21.dxc6 dxc6 22.Rd1 Bxc3
23.Rxc3 Rfd8 24.Rcc1 c5 25.Nb1 Bb7 26.Nc3 Rd4 27.f3 Rad8 28.Kf2 g5 29.h3 h5
30.g4 h4 31.Ke2 Bc6 32.Rxd4 Rxd4 33.Rd1 Rxd1 34.Nxd1 Kg7 35.Ke3 f5 36.Nf2 Kf6
37.Nd3 Bb7 38.Nf2 f4+ 39.Ke2 Ke5 40.Kd3 Bc6 41.Kc3 Kd6  1/2-1/2

[Event "Anibal Open"]
[Site "Linares ESP"]
[Date "2002.03.10"]
[Round "10"]
[White "Gyimesi,Z"]
[Black "Rizouk,A"]
[Result "1/2-1/2"]
[WhiteElo "2606"]
[BlackElo "2467"]

1.d4 Nf6 2.c4 e6 3.Nf3 b6 4.g3 Ba6 5.b3 Bb4+ 6.Bd2 Be7 7.Bg2 c6 8.Bc3 d5
9.Nbd2 O-O 10.O-O Nbd7 11.Rc1 Rc8 12.Rc2 c5 13.Qa1 dxc4 14.bxc4 Bb7 15.e3 cxd4
16.exd4 Ne4 17.Bb2 Nxd2 18.Rxd2 Rxc4 19.d5 Bxd5 20.Bxg7 Bf6 21.Bxf6 Qxf6
22.Qd1 Rfc8 23.Nd4 Bxg2 24.Kxg2 Nc5 25.Re1 Na4  1/2-1/2

[Event "57th ch-YUG"]
[Site "Banja Koviljaca YUG"]
[Date "2002.03.16"]
[Round "1"]
[White "Blagojevic,D"]
[Black "Jeremic,V"]
[Result "1-0"]
[WhiteElo "2508"]
[BlackElo "2484"]

1.d4 Nf6 2.c4 e6 3.Nf3 b6 4.g3 Ba6 5.b3 Bb7 6.Bg2 Bb4+ 7.Bd2 a5 8.Nc3 O-O
9.Qc2 d6 10.O-O Nbd7 11.Ne1 Bxg2 12.Nxg2 e5 13.dxe5 dxe5 14.Ne3 Nc5 15.Rfd1 Ne6
16.Nb5 Qb8 17.Bxb4 axb4 18.Nd5 c5 19.Nxf6+ gxf6 20.Qf5 Kg7 21.Qg4+ Kh8 22.Qh4 Kg7
23.Nd6 Rh8 24.Nf5+ Kg6 25.Qh6+  1-0